[Event "Muenster Bezirksliga 0607"]
[Site "Germany"]
[Date "2006.12.16"]
[Round "4.31"]
[White "Rath, Josef"]
[Black "Jurkait, Karl Heinz"]
[Result "1-0"]
[WhiteElo "1665"]
[BlackElo "1570"]
[PlyCount "57"]
[EventDate "2006.09.16"]
[EventType "team"]
[EventRounds "9"]
[EventCountry "GER"]
[SourceTitle "EXT 2008"]
[Source "ChessBase"]
[SourceDate "2007.11.25"]
[SourceVersion "1"]
[SourceVersionDate "2007.11.25"]
[SourceQuality "1"]
[WhiteTeam "Nienberge II"]
[BlackTeam "Muenster SF"]
[WhiteTeamCountry "GER"]
[BlackTeamCountry "GER"]

1. d4 Nf6 2. Nf3 d5 3. c4 dxc4 4. e3 Bf5 5. Bxc4 e6 6. 0-0 c6 7. Nc3 Bd6 8. Qe2 0-0 9. e4 Bg4 10. e5 Ne8 11. exd6 Nxd6 12. Bb3 Nd7 13. Bg5 Qc7 14. Rac1 Ne8 15. Be7 Nef6 16. Bxf8 Rxf8 17. h3 Bh5 18. Qe3 Re8 19. Ne5 Nd5 20. Nxd5 exd5 21. Qg5 Nf6 22. Bxd5 h6 23. Qf5 Nxd5 24. Qxh5 Nf6 25. Qf5 Qd6 26. Ng4 Nd5 27. Rfe1 Rd8 28. Ne5 Nf6 29. Nf3 1-0